Applied boolean algebra: an elementary introduction

Guardado en:
Detalles Bibliográficos
Autor principal: Hohn, Franz E (Autor)
Formato: Libro
Lenguaje:inglés
Publicado: Nueva York MacMillan 1966
Edición:2a. ed
Materias:
Etiquetas: Agregar Etiqueta
Sin Etiquetas, Sea el primero en etiquetar este registro!

MARC

LEADER 00000nam a2200000 a 4500
001 UCU3192
003 CL-VaPUC
008 960502e19660000US |||||||||||||||||eng|d
082 0 4 |a 511.324  |b HOH  |2 21 
100 |a Hohn, Franz E  |e author  |9 423078 
245 1 0 |a Applied boolean algebra: an elementary introduction 
250 |a 2a. ed 
300 |a 273 p 
942 |c BK 
945 |d 19960502 00:00:00  |a paguirre 
260 |a Nueva York  |b MacMillan  |c 1966 
650 0 |a Álgebra  |9 259567 
650 0 |a Álgebra de Boole  |9 270013 
650 0 |a Lógica matemática   |9 262442 
650 7 |a FUNCIONES DE BOOLE  |2 CL-VaPUC  |9 358880 
583 |a last modification  |c 19960502 00:00:00  |k Rodrigo Vera 
999 |c 247282  |d 247280 
952 |0 0  |1 0  |4 0  |6 511_324000000000000_HOH_1966  |7 0  |8 A  |9 263039  |a BIBING  |b BIBING  |d 2019-11-19  |i 1648233  |o 511.324 HOH 1966  |p 1648233  |r 2025-01-20  |w 2019-11-19  |y BK  |k EIE